| 000 | 00917nam a2200217Ia 4500 | ||
|---|---|---|---|
| 001 | 2031 | ||
| 005 | 20260422115159.0 | ||
| 008 | 260306t2022||||xx |||||||||||||| ||spa|| | ||
| 041 | _aESP | ||
| 082 |
_a611.018 _bJ89 |
||
| 100 |
_aJunqueira, Luis C., _eAUT |
||
| 245 | 0 |
_aHistología básica : _btexto y atlas |
|
| 260 | _c2022 | ||
| 300 |
_axxv, 579 páginas : _c28 cm. |
||
| 650 | _aGEN | ||
| 654 | _aCCS | ||
| 856 |
_uhttps://0u216xhg7-y-https-accessmedicina-mhmedical-com.itmsp.museknowledge.com/book.aspx?bookid=3584 _zVéase además: Histología y biología celular. Versión digital |
||
| 856 |
_uhttps://0u216xhg7-y-https-accessmedicina-mhmedical-com.itmsp.museknowledge.com/ _zVéase además: Base de datos McGraw Hill Access Medicina |
||
| 856 |
_uhttps://0u23fxhmw-y-https-www-clinicalkey-com.itmsp.museknowledge.com/student/login _zVéase además: Base de datos ClinicalKey |
||
| 942 |
_cLIB _dJUS _fJUS _2ddc |
||
| 999 |
_c2031 _d2031 |
||